| 000 | 00547nam a2200217Ia 4500 | ||
|---|---|---|---|
| 003 | OSt | ||
| 005 | 20220924133437.0 | ||
| 006 | a|||||r|||| 00| 0 | ||
| 007 | ta | ||
| 008 | 220923b |||||||| |||| 00| 0 snd d | ||
| 024 | _a265344 | ||
| 037 | _cTextual | ||
| 040 |
_aARTS _cARTS _bsnd |
||
| 041 |
_2snd _asnd |
||
| 082 | _aQ23:22, 1593N4 | ||
| 100 |
_aWakeel Aswadu Mal _9206497 |
||
| 245 | 0 | _aSachchi sik jo snehu | |
| 260 | _c1994 | ||
| 942 |
_hQ23:22, 1593N4 _cTEXL _2CC |
||
| 999 |
_c433881 _d433881 |
||